Toute les races de chien en T (sans image) - Statistiques

Statistiques générales
  • Ce quiz a été pris 9 fois
  • Le résultat moyen est 9 sur 14
Statistiques - réponses
Réponses % Correct
8 Terrier Irlandais
89%
9 Terrier Irlandais à poil doux
89%
10 Terrier Irlandais Glen of Imaal
89%
11 Terrier japonais
89%
12 Terrier noir russe
89%
13 Terrier tibétain
89%
2 Teckel
67%
3 Teckel à poil dur
67%
4 Teckel à poil long
67%
5 Teckel à poil ras
67%
6 Teckel Nain
67%
7 Terre-neuve
44%
14 Tosa
22%
1 Tamaskan
11%
Aucun quiz correspondant
Distribution des résultats
% des personnes avec chaque résultat
Percentile par nombre de réponses
Votre historique - résultats
Vous n’avez pas pris ce quiz